000 00695nas a2200205 i 4500
001 979
003 ES-MaACL
005 20250217134012.0
008 950801d19161988sp s| | 1 ||pa d
245 0 0 _aDeutsche Zeitung für Spanien =
_bRevista alemana de España.
260 _aBarcelona :
_bDeutsche Zeitung für Spanien,
_c1916-[ca. 1988] (
_f[Tip. del Centro de Administración Municipal])
300 _a16 v. ;
_c31 cm.
310 _aQuincenal
362 0 _aAño I (1916)-[ca. 1988]
546 _aTextos en alemán o español.
650 1 4 _aRevistas de información general.
_916896
852 _aES-MaACL
_jHem-473
866 0 _o1923-32,1934-35(1936),1944-1950.
999 _c979
_d979